Numerické študium perkolačných javov na absorbčnej hranici = Numerical study of directed percolation wit absorbing bounary : Dipl.práca
Uložené v:
| Hlavný autor: | |
|---|---|
| Ďalší autori: | , |
| Médium: | Rukopis Kniha |
| Jazyk: | Slovak |
| Vydavateľské údaje: |
Bratislava :
STU v Bratislave FEI,
1998
|
| Predmet: | |
| Tagy: |
Žiadne tagy, Buďte prvý, kto otaguje tento záznam!
|
MARC
| LEADER | 00000ntm a22000003a 4500 | ||
|---|---|---|---|
| 001 | stu50306 | ||
| 005 | 20170405140248.3 | ||
| 008 | 990716s1998------------------------slo-d | ||
| 040 | |a STU |b slo | ||
| 041 | 0 | |a slo | |
| 100 | 1 | |a Kopriva, Peter |4 aut | |
| 245 | 1 | |a Numerické študium perkolačných javov na absorbčnej hranici = Numerical study of directed percolation wit absorbing bounary : |b Dipl.práca | |
| 260 | |a Bratislava : |b STU v Bratislave FEI, |c 1998 | ||
| 300 | |a 46 s., disketa | ||
| 650 | 7 | |a informatika |2 stusub | |
| 700 | 1 | |a Beňušová, Ľubica |4 ths | |
| 700 | 1 | |a Markošová, Mária, |d 1958- |4 ths |u E220 |U FEI Fakulta elektrotechniky a informatiky |T FEI Katedra informatiky a výpočtovej techniky |X 38838 |U E220 |Y 69 |7 A000038838 | |
| 996 | |b EDIPL-5770 |c I*DIPL-5770 |l II680 |s A |a 24 |w stu50306_0001 | ||